Turin - Choix Multiples - Statistiques

Statistiques générales
  • Ce quiz a été pris 1 983 fois
    1 882 depuis la dernière actualisation
  • Le résultat moyen est 7 sur 10
Statistiques - réponses
Question Réponse % Correct
Quelle équipe de football a ses quartiers à Turin? Juventus
95%
Quelle photo parmi les suivantes représente la ville de Turin?
83%
Lors de quelle période Turin fut la capitale de l'Italie nouvellement réunifiée? 1861-1865
82%
Quel évènement sportif a eu lieu à Turin? Les Jeux olympiques d'hiver
74%
Quel fleuve traverse la ville?
67%
Quelle entreprise automobile italienne a été fondée à Turin? FIAT
66%
Quelle sainte relique se trouverait à Turin? Le Saint-Suaire
65%
Quel chanteur italien, auteur notamment de Ti Amo et Gloria, est né à Turin? Umberto Tozzi
61%
Le derby se jouant entre cette équipe et l'autre équipe de la ville, le Torino, se nomme "Derby della Mole". Qu'est-ce que la Mole? Un édifice de la ville
43%
Quel dessert à base d'œuf fut, selon la légende, inventé à Turin? Le Sabayon
32%
Aucun quiz correspondant
Distribution des résultats
% des personnes avec chaque résultat
Percentile par nombre de réponses
Votre historique - résultats
Vous n’avez pas pris ce quiz depuis la dernière actualisation